000 00329nam a2200133Ia 4500
008 191201s2007 xx 000 0 und d
100 _aKISHORE, S
245 0 _aSoftware Requirements and Estimation
260 _aN.Delhi
_bTata mc Graw Hill
_c2007
300 _a-
650 _aB.Tech(IT)
700 _aNAIK, R
942 _2ddc
_cBK
999 _c2949
_d2949